000 00458nam a2200157 i 4500
001 93996
003 ES-MaACL
005 20230906181348.0
007 t|
008 050426s1963 sp ||||1| spa d
100 1 _aLópez Sanz, Francisco.
_973970
245 1 0 _a¿Un millón de muertos? pero con héroes y mártires /
_cFrancisco López Sanz.
260 _aPamplona :
_bGómez,
_c1963.
300 _a258 p. ;
_c24 cm.
852 _aES-MaACL
_jC-23309
_bR.51910
999 _c93996
_d93996